Ecosystem management in developing countries
में बचाया:
| स्वरूप: | पुस्तक |
|---|---|
| भाषा: | Undetermined |
| प्रकाशित: |
Nairobi, Kenya
United Nations Environment Programme
1990
|
| विषय: | |
| टैग : |
टैग जोड़ें
कोई टैग नहीं, इस रिकॉर्ड को टैग करने वाले पहले व्यक्ति बनें!
|
| Thư viện lưu trữ: | Trung tâm Học liệu Trường Đại học Cần Thơ |
|---|
| LEADER | 00548nam a2200157Ia 4500 | ||
|---|---|---|---|
| 001 | CTU_143926 | ||
| 008 | 210402s9999 xx 000 0 und d | ||
| 082 | |a 363.7 | ||
| 082 | |b E19/Vol.3 | ||
| 245 | 0 | |a Ecosystem management in developing countries | |
| 260 | |a Nairobi, Kenya | ||
| 260 | |b United Nations Environment Programme | ||
| 260 | |c 1990 | ||
| 650 | |a Agricultural ecology,Environmental management,Quản lý môi trường,Sinh thái nông nghiệp | ||
| 904 | |i Tuyến | ||
| 980 | |a Trung tâm Học liệu Trường Đại học Cần Thơ | ||